Open Data Biblioteca Nacional de Portugal


República Portuguesa: Ministério da Cultura
Biblioteca Nacional de Portugal

Catálogo da BNP: acesso por Identificadores Unívocos
Registos Bibliográficos associados ao registo de autoridade

Etiqueta de registo: 00000nbm 2200025 450
001 2187759
003 http://id.bnportugal.gov.pt/bib/catbnp/2187759
100 ## $a20241001j1829----k y0pory01030103ba
101 0# $apor
102 ## $aPT
105 ## $a z 000yy
106 ## $ah
200 1# $a [ Requerimento de Lúcio José de Gouveia, da Junta do Exame do Estado Atual e Melhoramento Temporal das Ordens Regulares, ao Provincial da Ordem Franciscana Frei José Joaquim da Trindade Torres] $bManuscrito]
210 #1 $aLisboa,$d1829
215 ## $a[8] f., (5 docs.)$d35 cm
300 ## $aOriginal
327 11 $a(5 documentos) $aRequerimento datado de 30 de setembro de 1829, onde está agregados os requesitos a que se devem responder; Resposta em 05 de novembro de 1829; Acrescento aos requsitos dados em 03 de outubro de 1829; Listas relativas ao número de relgiosos, localização, rendimentos e dívidas dos conventos franciscanos
710 12 $aPortugal.$bJunta do Exame do Estado Actual e Melhoramento Temporal das Ordens Regulares,$f1789-1834$31929790
801 #0 $aPT$bBN$gRPC
966 ## $lBN$mRESMAN$sMSS. 213, n. 20
971 ## $d2024PRRMSS
995 ## $aPRR2024

Etiqueta de registo: 00254nbm 2200025 450
001 2283564
003 http://id.bnportugal.gov.pt/bib/catbnp/2283564
100 ## $a20260402j18041830k y0pory01030103ba
101 0# $apor
102 ## $aPT
105 ## $ay z 000yy
106 ## $ah
200 1# $a [ Licenças régias, provisões e despachos da Junta do Exame do Estado Actual e Melhoramento Temporal das Ordens Regulares]$bManuscrito]
210 #1 $aLisboa,$d1804-1830
215 ## $a[266] f., enc.$d36 cm
300 ## $aCópias coevas assinadas
304 ## $aOrganismo criado pelo Decreto de 21 de Novembro de 1789 para a reforma estrutural das ordens religiosas
307 ## $aFragmentos soltos (f. [219] e [242])
307 ## $aManchado pela tinta ferrogálica e humidade
307 ## $aEx-líbris comemorativo dos 10 anos da Revolução de 28 de Maio de 1926, aposto na guarda anterior de todas as obras que foram à leitura, na Biblioteca Nacional, no ano de 1936. Divisa: «ut videam»
307 ## $aEncadernação em pastas de cartão revestidas a papel marmoreado; título no rótulo da pasta anterior: "Meza do Melhoramento"
321 1# $aCfr.: Subtil, José - Arqueologia do poder do Antigo Regime ao Liberalismo (1640-1865) : colectânea. Lisboa : Universidade Autónoma de Lisboa, 2023. P. 359
321 1# $aJacquinet, M. L. - «Beneméritas do Estado e da Igreja» – A Junta do Exame do Estado Atual e Melhoramento Temporal das Ordens Religiosas e a definição de um novo paradigma de religiosidade feminina. Lusitania Sacra. Lisboa. (2024) 50, 35–50 (https://doi.org/10.34632/lusitaniasacra.2024.15545)
321 1# $aCollecção dos decretos, e ordens de S. Majestade, e dos breves pontificios pertencentes á junta do exame do estado actual, e melhoramento temporal das ordens regulares. Lisboa : na Regia Officina Typografica, 1794
321 1# $aBrandão, Mateus de Assunçã - Breves observações sobre os fundamentos do projecto de lei para a extincçaõ da junta do exame do estado actual e melhoramento temporal das ordens regulares. Lisboa : Typografia Patriotica, 1828
327 11 $aDiplomas redigidos no âmbito das competências da Junta, após consulta régia: exame dos pedidos para aceitação de noviços, supressão ou união dos Mosteiros sem rendas para subsistir, estabelecimento de dotes anuais, entre outros aspectos relacionados com o funcionamento das Ordens Religiosas
512 1# $aMesa do Melhoramento
701 #1 $aBrandão,$bMateus de Assunção,$f1778?-1837,$cO.S.B.$4070$345673
701 #1 $aFóios,$bJoaquim de,$f1733-1811,$cC.O.$4070$393423
711 12 $aPortugal.$bJunta do Exame do Estado Actual e Melhoramento Temporal das Ordens Regulares,$f1789-1834$4070$31929790
711 01 $aPortugal.$bRei,$c1826 (Pedro IV)$4070$358314
711 02 $aPortugal.$bRegente,$f1826-1828 (Isabel Maria Bragança)$4070$31848913
711 01 $aPortugal.$bRei,$c1816-1826 (João VI)$4070$399888
801 #0 $aPT$bBN$gRPC
966 ## $lBN$mRESMAN$sCOD. 6981
971 ## $cipires$d20260402

OpendataBNP@bnportugal.pt | Mais informação sobre acesso aos dados BNP